Elements of Parametric Design /

Guardado en:
Detalles Bibliográficos
Autor principal: Woodbury, Robert (Autor)
Formato: Libro
Lenguaje:inglés
Publicado: Oxon : Routledge, 2010
Edición:1. vydanie
Materias:
Etiquetas: Agregar Etiqueta
Sin Etiquetas, Sea el primero en etiquetar este registro!

MARC

LEADER 00000nam a22000003a 4500
001 0031501
003 SK-STU
005 20190325164315.8
007 ta
008 180301s ----xo-----e------000-0-----d
020 |a 978-0-415-77987-6 
040 |a STU  |b slo 
041 0 |a eng 
044 |a xxk 
100 1 |a Woodbury, Robert  |4 aut 
245 1 0 |a Elements of Parametric Design /  |c aut. Robert Woodbury 
250 |a 1. vydanie 
260 |a Oxon :  |b Routledge,  |c 2010 
300 |a 300 s. 
650 0 7 |a parametrické navrhovanie 
650 0 7 |a matematika 
650 0 7 |a algoritmy 
650 0 7 |a programovanie 
650 0 7 |a geometria 
996 |b 284AU07266  |c A* 10515/U  |l AAKNST  |s P  |a 0  |w 0031501_0001